Cómo prevenir la drogadicción y salvar a nuestros hijos /
Producción audiovisual orientada a servir de material de apoyo en la prevención de la drogadicción y otras adicciones. Dividida en tres secciones, expone en su primera y más larga parte una clasificación de las drogas, su aspecto, uso, síntomas de intoxicación, consecuencias físicas y mentales del a...
Salvato in:
| Natura: | |
|---|---|
| Lingua: | spagnolo |
| Soggetti: | |
| Tags: |
Nessun Tag, puoi essere il primo ad aggiungerne!!
|
MARC
| LEADER | 00000ngm^a2200000^a^4500 | ||
|---|---|---|---|
| 001 | 000135999 | ||
| 005 | 20250521000000.0 | ||
| 009 | 20260310095304.726 | ||
| 037 | |a Acervo ITESO - Biblioteca | ||
| 041 | |a ESP | ||
| 082 | |a 616. 86 |b COM | ||
| 245 | 0 | 0 | |a Cómo prevenir la drogadicción y salvar a nuestros hijos / |
| 264 | |a Guadalajara, México : |b Regreso a la Vida, |c 2000 | ||
| 300 | |a 1 videocasete VHS |c (101 min.) | ||
| 336 | |a imagen móvil bidimensional |b tdi |2 rdacontenido | ||
| 337 | |a video |b v |2 rdamedio | ||
| 338 | |a videocasete |b vf |2 rdasoporte | ||
| 520 | |a Producción audiovisual orientada a servir de material de apoyo en la prevención de la drogadicción y otras adicciones. Dividida en tres secciones, expone en su primera y más larga parte una clasificación de las drogas, su aspecto, uso, síntomas de intoxicación, consecuencias físicas y mentales del abuso de drogas; posteriormente son abordados los síntomas de alerta observables al inicio de la enfermedad y concluye con una serie de medidas de prevención a desplegarse desde el medio familiar. | ||
| 649 | |a XX | ||
| 650 | |a Drogadicción - |x Prevención | ||
| 650 | |a Alcoholismo - |x Prevención | ||
| 650 | |a Drogas - |x Clasificación | ||
| 650 | |a Adicciones | ||
| 650 | |a Trastornos de Conducta | ||
| 650 | |a Conducta Antisocial | ||
| 650 | |a Problemas Sociales | ||
| 650 | |a Sintomatología | ||
| 650 | |a Psicopatología | ||
| 650 | |a Psicología Clínica | ||
| 650 | |a Educación Familiar | ||
| 650 | |a Familia | ||
| 910 | |a Fondo General | ||
| 920 | |a Audiovisuales - Videocasetes | ||
| 905 | |a 301 | ||
| 901 | |a 0500055596 |b IT2 |c VIS |u 20250521 | ||
| 902 | |a https://opac.biblio.iteso.mx/vufind/Record/000135999 | ||